1309 1021 1253 1472 1223 1462 1833 1848 1437 1100 1079 1830 1056 1433 1986 1117 1259 1442 1811 1622 1704 1143 1010 1077 1084 1724 1707 1180 1091 1307 1392 1371 1563 1163 1727 1408 1869 1967 1542 1326 1220 1790 1604 1691 1583 1772 1422 1627 1956 1359 1575 1112 1318 1322 1121 1487 1698 1270 1247 1997 1959 1807 1911 1366 1223 1549 1493 1241 1740 1671 1210 1204 1435 1211 1434 1513 1977 1775 1752 1754 1867 1774 1965 1170 1577 1566 2000 1697 1244 1116 1115 1071 1949 1980 1987 1676 1036 1212 1464 BCNSPRNW ULIB Ver.6.0+V

เปลี่ยนเป็นภาษาไทย

Change to English
 แสดงรายละเอียดบรรณานุกรม
  กลับหน้าหลัก

Brief Record : Get Marc (ISO 2709) : E-mail record : QR code < ปิดหน้าต่าง
LEADER : 00000nam 2200000uu 4500
001    13399128833
003     ULIB
008    241009s2565||||th 000 0 tha d
020 ^- ^a9786162962677
050 ^- ^aBJ 1528.T5^bก137ค
100 0^ ^aกมลวรรณ คารมปราชญ์ คล้ายแก้ว
245 10 ^aคุณธรรมจริยธรรมในสังคมไทยยุค 4.0 : แนวคิด ทฤษฎี งานวิจัย และแนวทางการพัฒนา /^cกมลวรรณ คารมปราชญ์ คล้ายแก้ว.
250 ^- ^aพิมพ์ครั้งที่ 1.
260 ^- ^aกรุงเทพฯ :^bสำนักงานนวัตกรรมการเรียนรู้ มหาวิทยาลัยศรีนครินทรวิโรฒ,^c2565.
300 ^- ^a264 หน้า :^bตาราง, แผนภาพ ;^c26 ซม.
650 ^4 ^aจริยธรรมแง่สังคม
650 ^4 ^aคุณธรรมแง่สังคม
650 ^4 ^aมนุษย์กับสังคม
945    ^p299^l0^i011046
945    ^p299^l0^i011047
945    ^p299^l0^i011048
999    ^aประนอม เกษจรัล
รายการนี้ยังไม่มีแท็ก
คุณยังไม่ได้ล็อกอิน คุณสามารถมีกิจกรรมร่วมกับเว็บไซต์ได้ แต่ต้องล็อกอินก่อน ::
  ล็อกอิน

รายการสื่อสารสนเทศ

ลำดับที่ ประเภท เลขเรียก/บาร์โค้ด สถานที่ สถานะ
1. การศึกษาทั่วไป
หนังสือสำรอง
สถานะ=หนังสือสำรอง
BJ 1528.T5 ก137ค ฉ.1 
  Barcode: 011046
ห้องสมุดวิทยาเขตสวรรค์ประชารักษ์
►หนังสือทั่วไป
บนชั้น
2. การศึกษาทั่วไป
การศึกษาทั่วไป
BJ 1528.T5 ก137ค ฉ.2 
  Barcode: 011047
ห้องสมุดวิทยาเขตสวรรค์ประชารักษ์
►หนังสือทั่วไป
บนชั้น
3. การศึกษาทั่วไป
การศึกษาทั่วไป
BJ 1528.T5 ก137ค ฉ.3 
  Barcode: 011048
ห้องสมุดวิทยาเขตสวรรค์ประชารักษ์
►หนังสือทั่วไป
บนชั้น

BibComment


ยังไม่เคยถูกคอมเมนท์

คอมเมนท์ทรัพยากรรายการนี้
  คอมเมนท์: คุณธรรมจริยธรรมใ..


 Copyright 2026. Bcnsprnw @Library